| 000 | 00808nam a22002057a 4500 | ||
|---|---|---|---|
| 999 |
_c14026 _d14026 |
||
| 003 | AR-CdUCM | ||
| 008 | 190417b ||||| |||| 00| 0 spa d | ||
| 040 |
_aMUNICIPALIDAD PROVINCIAL DEL CUSCO _cBIBLIOTECA MUNICIPAL DEL CUSCO |
||
| 082 |
_a378 / _bH56 |
||
| 100 |
_aHinostroza Ayala, Aquiles _932690 |
||
| 245 | _aMetodología del cuento infantil en dibujo y pintura / | ||
| 260 |
_aAyacucho : _c1985. |
||
| 300 |
_a82 paginas ; _bIlustraciones, _c20 cm. |
||
| 505 | _aContenido : Metodología del cuento en dibujo y pintura -- Importancia de la enseñanza del cuento -- Cualidades del narrador -- Decálogo del maestro. | ||
| 650 |
_aMetodología de cuentos infantil _932691 |
||
| 650 |
_aAntología del cuento _914007 |
||
| 650 |
_aAyacucho _93896 |
||
| 942 |
_2ddc _cLIBROS |
||
| 945 |
_awnts _d2019-04-17 |
||